000
00341pam a2200145a 44500
008
230405s1965 xxu||||| |||| 00| 0 eng d
041
_a
ENG
245
_a
All India Reporter
260
_a
Pune
_b
Hind Law House
_c
1965
300
_a
510p.
440
_a
Hind Law House
650
_a
ALL INDIA REPORTER
690
_a
REPORTS
906
_a
3924
999
_c
875535
_d
875535